LA VERDADERA INFANCIA DE TERESA DE LISIEUX: NEUROSIS Y SANTIDAD

Gorde:
Xehetasun bibliografikoak
Egile nagusia: Six, Jean-François (autor)
Formatua: Liburua
Etiketak: Etiketa erantsi
Etiketarik gabe, Izan zaitez lehena erregistro honi etiketa jartzen!

MARC

LEADER 00000nam^a2200000^a^4500
001 000213242
005 20250521000000.0
009 20260310103519.82
035 |a 034899 
037 |a Acervo Xavier Clavigero 
082 |a 269. 1  |b SIX 
100 |a Six, Jean-François  |e (autor) 
245 1 3 |a LA VERDADERA INFANCIA DE TERESA DE LISIEUX:  |b NEUROSIS Y SANTIDAD 
264 |a Madrid, España :  |b Studium,  |c 1976 
300 |a 284p. 
336 |a texto  |b txt  |2 rdacontenido 
337 |a sin mediación  |b n  |2 rdamedio 
338 |a volumen  |b nc  |2 rdasoporte 
649 |a XX 
910 |a Fondo General 
920 |a Impresos - Libros 
930 |a Colección General 
905 |a 101 
901 |a 034899  |b IT1  |c ACC  |i 034899  |u 20250521 
902 |a https://opac.biblio.iteso.mx/vufind/Record/000213242